000 00689nam a22002297a 4500
005 20170124110054.0
010 _a941542
020 _a0706907531
_c00.00
035 _a941542
037 _bCen Lib/Ret
040 _aDPL
_bEN
082 _a651.7
_bBAL
100 _aBalasubrahmanyanm, M.
_9138430
245 _aBusines communications /
_cby M. Balasubrahmanyanm
260 _aNew Delhi
_bVikas Publishing House
_c1979
270 _a5,Ansari Road
_bNew Delhi
_e110002
300 _a243p.
_c20cm(Hb)
500 _aInclude glossary and index
650 _aTelecommunication
_9138431
650 _aCommunication in management
_9138432
942 _2ddc
_cEN
_h651.7
_mBAL
999 _c129325
_d129325